000 00952nam a2200277 i 4500
003 DO-SdBNP
005 20240503073632.0
007 ta
008 230328b1967 sp ||||| |||| 00| 0 spa d
040 _aDO-SdBNP
_bspa
_cBNPHU
_erda
082 4 _a863.3
_bC419in 1967
_222
100 1 _aCervantes Saavedra, Miguel de,
_d1547-1616
_93070
240 1 0 _aDon Quijote de la Mancha.
_lEspañol
245 1 3 _aEl ingenioso hidalgo don Quijote de la Mancha /
_cMiguel de Cervantes Saavedra ; introducción Jorge Campos
264 _aMadrid :
_bTaurus,
_c1967.
300 _a426 páginas;
_c18 cm.
336 _2rdacontent
_atexto
_btxt
337 _2rdamedia
_asin mediación
_bn
338 _2rdacarrier
_avolumen
_bnc
590 _aInventariado, 2023/BT
650 4 _aNovela española
_91123
650 4 _aLiteratura española
_9632
700 1 _aCampos, Jorge,
_eintroducción
_915860
910 _aBtavárez/Validado. Control de calidad MFF
942 _2ddc
_cLBS1
999 _c53188
_d53188